000
00297nam a2200133Ia 4500
008
190216s9999||||xx |||||||||||||| ||und||
100
_a
M.N Arora
245
0
_a
Cost Accounting
250
_a
1st Ed.
260
_b
Vikas Publishing House
_c
2008
300
_a
530
650
_a
Commerce
942
_c
BK
999
_c
8250
_d
8250